| 000 | 00604nam a2200229Ia 4500 | ||
|---|---|---|---|
| 003 | IT-RoPAU | ||
| 008 | 120407s9999 xx 000 0 und d | ||
| 040 | _aIT-RoPAU | ||
| 040 | _cIT-RoPAU | ||
| 041 | _aita | ||
| 100 | _aR. Rouse | ||
| 245 | _aStoria del movimento ecumenico dal 1517 al 1948 | ||
| 250 | _aBologna | ||
| 260 | _aIl Mulino | ||
| 260 | _c1973 | ||
| 300 | _c21,5 cm | ||
| 490 | _v1 | ||
| 600 | _a"1° Tomo: Dalla Riforma agli inizi dell’800. 514 p. 2° Tomo: Dagli inizi dell’800 alla conf... 495 p." | ||
| 700 | _aStephen C. Neill | ||
| 942 | _cBK | ||
| 999 |
_c13773 _d13773 |
||